Conceptos relacionales en el psicoanálisis: una integración

Αποθηκεύτηκε σε:
Λεπτομέρειες βιβλιογραφικής εγγραφής
Κύριος συγγραφέας: Mitchell, Stephen A. (autor)
Μορφή: Βιβλίο
Γλώσσα:Ισπανικά
Έκδοση: Ciudad de México Siglo XXI 1993
Έκδοση:1a. ed
Θέματα:
Ετικέτες: Προσθήκη ετικέτας
Δεν υπάρχουν, Καταχωρήστε ετικέτα πρώτοι!

MARC

LEADER 00000nam a2200000 a 4500
001 UCL7173
003 CL-VaPUC
008 040507e19930000MX |||||||||||||||||spa|d
020 |a 9682318688 
082 0 4 |a 616.8917  |b MIT  |2 21 
100 |a Mitchell, Stephen A.  |e autor  |9 484986 
245 1 0 |a Conceptos relacionales en el psicoanálisis: una integración 
250 |a 1a. ed 
300 |a 369 p 
942 |c BK 
945 |d 20040507 00:00:00  |a cmena 
260 |a Ciudad de México  |b Siglo XXI  |c 1993 
650 0 |a Psicoanálisis   |9 265702 
650 0 |a Psicología del desarrollo  |9 307541 
583 |a last modification  |c 20040507 00:00:00  |k Rodrigo Vera 
999 |c 309026  |d 309024 
952 |0 0  |1 0  |4 0  |6 616_891700000000000_MIT_1993  |7 0  |8 A  |9 376098  |a BIBEDU  |b BIBEDU  |d 2019-11-21  |i 4012445  |o 616.8917 MIT 1993  |p 4012445  |r 2019-11-21  |w 2019-11-21  |y BK  |k BME